000 00441cam a22001217a 4500
008 180718b1977 xxu||||| |||| 00| 0 eng d
082 _aA81x54 In2/71/17/Pt2C/1&Pt5A
100 _aCensus of India 1971
245 _aPunjab distribution of population by religion and scheduled castes
260 _aDelhi
_bThe Controller of Publications
_c1977
300 _a221+p.
440 _aCensus of India 1971. Series-17, Punjab. Part II-C (i) and Part V-A
999 _c485398
_d485398